[Event "Sport Summer 2016"]
[Site "Paracin"]
[Date "2016.07.12"]
[Round "7.20"]
[White "Cvetkovic, Srdjan"]
[Black "Stefanov, Emil"]
[Result "1-0"]
[BlackElo "2215"]
[WhiteElo "2306"]
[LiveChessVersion "1.4.8"]

1. c4 {[%clk 1:30:56]} g6 {[%clk 1:30:36]} 2. Nc3 {[%clk 1:29:46]} Bg7
{[%clk 1:30:55]} 3. g3 {[%clk 1:29:49]} c5 {[%clk 1:31:00]} 4. Bg2
{[%clk 1:29:01]} Nc6 {[%clk 1:30:48]} 5. b3 {[%clk 1:17:08]} Nh6 {[%clk 1:28:11]}
6. Bb2 {[%clk 1:12:12]} Nf5 {[%clk 1:28:24]} 7. e3 {[%clk 1:10:06]} O-O
{[%clk 1:26:04]} 8. Nge2 {[%clk 1:09:22]} b6 {[%clk 1:20:37]} 9. O-O
{[%clk 1:03:51]} Bb7 {[%clk 1:20:41]} 10. d3 {[%clk 1:01:33]} d6 {[%clk 1:07:13]}
11. Qd2 {[%clk 1:00:07]} Qd7 {[%clk 0:50:01]} 12. Nd5 {[%clk 0:57:48]} e5
{[%clk 0:45:56]} 13. Bh3 {[%clk 0:49:48]} Qd8 {[%clk 0:45:10]} 14. f4
{[%clk 0:45:20]} Nce7 {[%clk 0:42:59]} 15. e4 {[%clk 0:43:02]} Nd4
{[%clk 0:37:02]} 16. Nxd4 {[%clk 0:42:32]} exd4 {[%clk 0:35:47]} 17. f5
{[%clk 0:39:06]} Nxd5 {[%clk 0:34:23]} 18. cxd5 {[%clk 0:35:49]} Bf6
{[%clk 0:33:58]} 19. fxg6 {[%clk 0:28:28]} fxg6 {[%clk 0:27:27]} 20. Be6+
{[%clk 0:25:13]} Kh8 {[%clk 0:27:42]} 21. Rf3 {[%clk 0:19:41]} Bc8
{[%clk 0:27:10]} 22. Bxc8 {[%clk 0:18:30]} Rxc8 {[%clk 0:27:26]} 23. Raf1
{[%clk 0:18:33]} Qe7 {[%clk 0:25:37]} 24. Qf2 {[%clk 0:17:05]} Bg7
{[%clk 0:25:25]} 25. Rf7 {[%clk 0:16:14]} Rxf7 {[%clk 0:25:06]} 26. Qxf7
{[%clk 0:16:38]} Rc7 {[%clk 0:25:14]} 27. Qxe7 {[%clk 0:14:43]} Rxe7
{[%clk 0:25:42]} 28. Bc1 {[%clk 0:14:51]} Kg8 {[%clk 0:26:03]} 29. Bf4
{[%clk 0:14:40]} Be5 {[%clk 0:26:04]} 30. Bxe5 {[%clk 0:14:37]} dxe5
{[%clk 0:26:18]} 31. Rf6 {[%clk 0:14:42]} Kg7 {[%clk 0:23:30]} 32. Rc6
{[%clk 0:14:42]} Kf7 {[%clk 0:21:18]} 33. g4 {[%clk 0:14:46]} Ke8
{[%clk 0:21:31]} 34. Kg2 {[%clk 0:13:35]} Rf7 {[%clk 0:21:45]} 35. h3
{[%clk 0:13:00]} Kd8 {[%clk 0:21:26]} 36. a4 {[%clk 0:13:14]} Rc7
{[%clk 0:19:14]} 37. Rf6 {[%clk 0:12:41]} Rb7 {[%clk 0:19:07]} 38. Kf3
{[%clk 0:10:55]} b5 {[%clk 0:13:33]} 39. Rd6+ {[%clk 0:10:40]} Ke7
{[%clk 0:09:17]} 40. Re6+ {[%clk 0:10:38]} Kd7 {[%clk 0:09:45]} 41. a5
{[%clk 0:09:05]} c4 {[%clk 0:10:14]} 42. dxc4 {[%clk 0:09:14]} bxc4
{[%clk 0:10:43]} 43. bxc4 {[%clk 0:09:26]} Rc7 {[%clk 0:09:25]} 44. Rxe5
{[%clk 0:09:25]} Rxc4 {[%clk 0:09:50]} 45. Ke2 {[%clk 0:07:35]} Rc3
{[%clk 0:09:59]} 46. h4 {[%clk 0:07:16]} Rh3 {[%clk 0:07:00]} 47. h5
{[%clk 0:07:38]} gxh5 {[%clk 0:07:27]} 48. gxh5 {[%clk 0:07:57]} Kd6
{[%clk 0:04:39]} 49. Re6+ {[%clk 0:08:20]} Kc5 {[%clk 0:05:08]} 50. d6
{[%clk 0:08:11]} d3+ {[%clk 0:05:34]} 51. Kd2 {[%clk 0:08:24]} Kd4
{[%clk 0:06:01]} 52. d7 {[%clk 0:08:02]} Rh2+ {[%clk 0:06:29]} 53. Kc1
{[%clk 0:07:29]} d2+ {[%clk 0:06:32]} 54. Kc2 {[%clk 0:07:19]} 1-0

[Event "International Championship of Central Se"]
[Site "Paracin, hotel "]
[Date "2016.07.12"]
[Round "7.21"]
[White "Maksimovic, Bojan"]
[Black "Todorovic, Nenad I"]
[Result "1/2-1/2"]
[WhiteElo "2131"]
[BlackElo "2306"]
[PlyCount "65"]
[EventDate "2016.07.07"]

1. e4 c5 2. Nf3 d6 3. d4 cxd4 4. Nxd4 Nf6 5. Nc3 a6 6. Be3 e5 7. Nf3 Be7 8. Bc4
Be6 9. Bxe6 fxe6 10. Ng5 Qd7 11. Qf3 Nc6 12. Qh3 Nd8 13. O-O O-O 14. f4 exf4
15. Bxf4 h6 16. Nf3 e5 17. Qxd7 Nxd7 18. Be3 Nc6 19. Nd5 Nf6 20. Nxf6+ Bxf6 21.
Rad1 Be7 22. c3 b5 23. Nd2 Rfc8 24. Rc1 Na5 25. Rfe1 Rc6 26. Nf1 Rac8 27. Rcd1
Nc4 28. b3 Na5 29. Bd2 Bd8 30. Kh1 Bb6 31. Be3 Bd8 32. Bd2 Bb6 33. Be3 1/2-1/2

[Event "International Championship of Central Se"]
[Site "Paracin, hotel "]
[Date "2016.07.12"]
[Round "7.22"]
[White "Arsic, Djordje"]
[Black "Dimitrov, Vladimir"]
[Result "1/2-1/2"]
[WhiteElo "2232"]
[BlackElo "2413"]
[PlyCount "40"]
[EventDate "2016.07.07"]

1. e4 c5 2. Nf3 e6 3. Qe2 Nc6 4. g3 g6 5. Bg2 Bg7 6. h4 h6 7. c3 Nge7 8. O-O d6
9. Rd1 e5 10. Na3 O-O 11. Nc2 f5 12. exf5 gxf5 13. d4 cxd4 14. cxd4 e4 15. Nh2
d5 16. f3 Be6 17. Be3 Qd6 18. Nf1 Bf7 19. fxe4 fxe4 20. Bf4 Qd7 1/2-1/2

[Event "International Championship of Central Se"]
[Site "Paracin, hotel "]
[Date "2016.07.12"]
[Round "7.23"]
[White "Radovanovic, Nikola"]
[Black "Chekletsov, Ilya"]
[Result "1-0"]
[WhiteElo "2392"]
[BlackElo "2223"]
[PlyCount "111"]
[EventDate "2016.07.07"]

1. d4 Nf6 2. c4 e6 3. Nc3 Bb4 4. e3 O-O 5. Nge2 d5 6. a3 Be7 7. Nf4 b6 8. cxd5
Nxd5 9. Ncxd5 exd5 10. Bd3 Bb7 11. O-O Nd7 12. Bd2 Bd6 13. b4 c5 14. bxc5 Bxf4
15. exf4 Qf6 16. Be3 Rfc8 17. Rc1 Kh8 18. Bb1 Rc7 19. Qd3 Nf8 20. Rfe1 Rd8 21.
f5 Re7 22. Bf4 Rxe1+ 23. Rxe1 Nd7 24. Qe3 h6 25. Qe7 Bc6 26. Bd6 Rc8 27. Qxf6
Nxf6 28. f3 Re8 29. Rxe8+ Nxe8 30. Bb8 bxc5 31. dxc5 a6 32. Be5 f6 33. Bb8 Kg8
34. Kf2 Kf7 35. Ke3 Ke7 36. Kd4 Kd7 37. Ba2 Nc7 38. Bxc7 Kxc7 39. Bxd5 Ba4 40.
Bc4 a5 41. Kd5 Kd7 42. Kd4 Ke7 43. Bd5 Bd7 44. Be4 Ba4 45. Kc4 Be8 46. c6 Kd8
47. Bd5 Bh5 48. g4 Be8 49. h3 h5 50. h4 g6 51. fxg6 Bxg6 52. Kd4 Be8 53. Be4
Bf7 54. Ke3 Be6 55. gxh5 f5 56. h6 1-0

[Event "International Championship of Central Se"]
[Site "Paracin, hotel "]
[Date "2016.07.12"]
[Round "7.24"]
[White "Yurtseven, Melih"]
[Black "Injac, Teodora"]
[Result "1/2-1/2"]
[WhiteElo "2318"]
[BlackElo "2215"]
[PlyCount "59"]
[EventDate "2016.07.07"]

1. d4 Nf6 2. Bg5 g6 3. Bxf6 exf6 4. e3 Bg7 5. c4 O-O 6. Nc3 f5 7. Nge2 d6 8. g3
Nd7 9. Bg2 Nf6 10. Qd3 c6 11. O-O h5 12. h4 Re8 13. b4 Ng4 14. b5 Bd7 15. Rab1
Bf6 16. Nf4 g5 17. bxc6 bxc6 18. Nxh5 gxh4 19. Ne2 hxg3 20. Nexg3 Bh4 21. e4
Qg5 22. exf5 Rab8 23. Bf3 Nh6 24. Kh2 Nxf5 25. Ne4 Qh6 26. Rxb8 Rxb8 27. Bg4
Ng7 28. Bxd7 Qxh5 29. Qh3 d5 30. cxd5 1/2-1/2

[Event "International Championship of Central Se"]
[Site "Paracin, hotel "]
[Date "2016.07.12"]
[Round "7.25"]
[White "Trifunovic, Miroljub"]
[Black "Garic, Radomir"]
[Result "1/2-1/2"]
[WhiteElo "2209"]
[BlackElo "2317"]
[PlyCount "41"]
[EventDate "2016.07.07"]

1. d4 Nf6 2. c4 c5 3. d5 b5 4. cxb5 a6 5. bxa6 Bxa6 6. Nc3 g6 7. Nf3 Bg7 8. g3
d6 9. Bg2 O-O 10. O-O Nbd7 11. Qc2 Ra7 12. Rd1 Qa8 13. Bf4 Nh5 14. Bg5 Nhf6 15.
h3 h6 16. Bf4 Ne8 17. Rab1 Nc7 18. e4 Nb5 19. Nxb5 Bxb5 20. a3 Ba4 21. b3
1/2-1/2

[Event "International Championship of Central Se"]
[Site "Paracin, hotel "]
[Date "2016.07.12"]
[Round "7.26"]
[White "Rajkovic, Mladen"]
[Black "Milosevic, Milos"]
[Result "1-0"]
[WhiteElo "2303"]
[BlackElo "2192"]
[PlyCount "109"]
[EventDate "2016.07.07"]

1. e4 c5 2. Nf3 d6 3. d4 cxd4 4. Nxd4 Nf6 5. f3 e5 6. Bb5+ Bd7 7. Bxd7+ Nbxd7
8. Nf5 d5 9. exd5 Nb6 10. Bg5 Qd7 11. Bxf6 Qxf5 12. Bh4 Bc5 13. Bf2 Bxf2+ 14.
Kxf2 O-O 15. Re1 Rac8 16. Nc3 Rfd8 17. Re4 f6 18. Qd3 Qd7 19. Rd1 g6 20. f4
exf4 21. Rxf4 Qd6 22. g3 f5 23. Rd4 Nd7 24. Kg2 Re8 25. Qd2 Ne5 26. Qf4 Qc5 27.
d6 Rcd8 28. Rd5 Qc6 29. Kh3 Ng4 30. d7 Re7 31. Rd6 Qc5 32. Qd4 Qxd4 33. R1xd4
Ne5 34. Nd5 Rf7 35. Rb4 Kg7 36. Rxb7 Rfxd7 37. Rdxd7+ Rxd7 38. Rxd7+ Nxd7 39.
Kg2 Kf7 40. Kf3 Ke6 41. Nf4+ Kd6 42. Nd3 Kd5 43. Kf4 Nf6 44. Kg5 Ke6 45. c4 Ng4
46. h4 Nf6 47. Kh6 Ne4 48. Kxh7 Kf6 49. c5 Nxg3 50. c6 Ne4 51. c7 Nd6 52. Nf4
g5 53. Nh5+ Ke7 54. hxg5 Kd7 55. Nf6+ 1-0

[Event "International Championship of Central Se"]
[Site "Paracin, hotel "]
[Date "2016.07.12"]
[Round "7.27"]
[White "Gulden, Egemen"]
[Black "Gajic, Mladen"]
[Result "0-1"]
[WhiteElo "2122"]
[BlackElo "2295"]
[PlyCount "80"]
[EventDate "2016.07.07"]

1. e4 Nc6 2. Nc3 e6 3. d4 d5 4. e5 a6 5. a3 f6 6. exf6 Nxf6 7. f4 Bd6 8. Be3
Ne7 9. g4 c6 10. h3 Qc7 11. Qd2 Ng6 12. Nge2 h5 13. g5 Ng8 14. O-O-O N8e7 15.
Bg2 Nh4 16. Rdg1 Nxg2 17. Rxg2 Nf5 18. Rf1 h4 19. Bf2 Bd7 20. Nd1 O-O-O 21. Rg4
Be8 22. Ne3 Bh5 23. Nxf5 exf5 24. Rxh4 Bxe2 25. Qxe2 Rhe8 26. Qd2 Re4 27. Be3
Rde8 28. Rf3 Qe7 29. Bf2 Re2 30. Qc3 Qe4 31. Kb1 Rxc2 32. Re3 Rxc3+ 33. Rxe4
Rxe4 34. bxc3 Rxf4 35. Rh8+ Kd7 36. Be3 Re4 37. Bd2 Re2 38. Kc1 Bxa3+ 39. Kd1
Re8 40. Rh7 Bf8 0-1

[Event "International Championship of Central Se"]
[Site "Paracin, hotel "]
[Date "2016.07.12"]
[Round "7.28"]
[White "Krstulovic, Alex"]
[Black "Ererdem, Gani Eren"]
[Result "1-0"]
[WhiteElo "2280"]
[BlackElo "2151"]
[PlyCount "87"]
[EventDate "2016.07.07"]

1. d4 Nf6 2. c4 e6 3. Nf3 b6 4. g3 Ba6 5. b3 Bb4+ 6. Bd2 Be7 7. Nc3 c6 8. e4 d5
9. Qc2 dxe4 10. Nxe4 Nbd7 11. Bg2 Bb7 12. Bc3 O-O 13. O-O Qc7 14. Nxf6+ Nxf6
15. Rfe1 Rad8 16. b4 b5 17. c5 Nd5 18. Bd2 Bf6 19. a3 Rd7 20. Rad1 Rfd8 21. Ng5
Bxg5 22. Bxg5 Ra8 23. Bxd5 Rxd5 24. Bf4 Qd8 25. Be5 Qg5 26. a4 Qg6 27. Qb3 Ba6
28. a5 Bc8 29. f3 f6 30. Bd6 a6 31. Qc3 Bd7 32. Rd2 Re8 33. Rde2 Qf5 34. f4 Qh3
35. Re4 Kf7 36. Rf1 h5 37. Rf2 Rh8 38. f5 h4 39. fxe6+ Bxe6 40. Qe3 hxg3 41.
Bxg3 Rg5 42. Qxg5 Bd5 43. Rh4 Rxh4 44. Qxh4 1-0

[Event "International Championship of Central Se"]
[Site "Paracin, hotel "]
[Date "2016.07.12"]
[Round "7.29"]
[White "Popovic, Aleksandar M"]
[Black "Kasparova, Tatiana"]
[Result "1/2-1/2"]
[WhiteElo "2256"]
[BlackElo "2141"]
[PlyCount "43"]
[EventDate "2016.07.07"]

1. Nf3 Nf6 2. g3 b6 3. Bg2 Bb7 4. O-O e6 5. d3 d5 6. Nc3 Be7 7. e4 dxe4 8. Ng5
O-O 9. Ngxe4 Nxe4 10. Nxe4 Qc8 11. Qh5 Nd7 12. Qh3 Rb8 13. Re1 Nf6 14. Bd2 Nxe4
15. dxe4 Bf6 16. e5 Bxg2 17. Qxg2 Be7 18. Rad1 Qa6 19. Bc3 Rbd8 20. Qc6 Qc8 21.
a3 g6 22. b4 1/2-1/2

[Event "International Championship of Central Se"]
[Site "Paracin, hotel "]
[Date "2016.07.12"]
[Round "7.30"]
[White "Peycheva, Gergana"]
[Black "Topalov, Aleksandar"]
[Result "0-1"]
[WhiteElo "2016"]
[BlackElo "2250"]
[PlyCount "100"]
[EventDate "2016.07.07"]

1. e4 e6 2. d4 d5 3. Nd2 Nc6 4. Ngf3 Nf6 5. e5 Nd7 6. Bd3 Nb4 7. Be2 c5 8. c3
Nc6 9. O-O f6 10. exf6 Qxf6 11. dxc5 Nxc5 12. Bb5 Bd6 13. Nd4 Bd7 14. N2f3 O-O
15. Be3 a6 16. Be2 Ne5 17. Qc1 Ned3 18. Bxd3 Nxd3 19. Qc2 Nf4 20. Rfe1 e5 21.
Bxf4 Qxf4 22. Ne2 Qf6 23. Ng3 Bc6 24. Rad1 Bc7 25. Qb3 Rad8 26. Rd2 Kh8 27. Qc2
h6 28. b4 d4 29. cxd4 exd4 30. Ne4 Qf4 31. Ng3 Rd7 32. Ne2 Qg4 33. Rxd4 Qf5 34.
Qxf5 Rxf5 35. Rxd7 Bxd7 36. Ned4 Rd5 37. Ne6 Bd6 38. a3 Kg8 39. g3 b5 40. Ned4
Kf7 41. h4 Kf6 42. Kg2 g5 43. hxg5+ hxg5 44. Nc2 Rd3 45. Re3 Rd1 46. Re1 Rd5
47. Nfd4 Be5 48. Rd1 Bf5 49. Rd2 Bxc2 50. Rxc2 Rxd4 0-1

[Event "International Championship of Central Se"]
[Site "Paracin, hotel "]
[Date "2016.07.12"]
[Round "7.32"]
[White "Jovanovic, Bojan P"]
[Black "Konstantinov, Aleksandar"]
[Result "1-0"]
[WhiteElo "2246"]
[BlackElo "2018"]
[PlyCount "53"]
[EventDate "2016.07.07"]

1. f4 g6 2. Nf3 Bg7 3. e3 f5 4. Nc3 Nf6 5. b3 Ne4 6. Bb2 Nxc3 7. Bxc3 Bxc3 8.
dxc3 e6 9. Qd4 O-O 10. h3 Nc6 11. Qd2 a6 12. g4 e5 13. Qd5+ Kg7 14. Nxe5 Qh4+
15. Kd1 d6 16. Nxc6 bxc6 17. Qd4+ Qf6 18. g5 Qxd4+ 19. cxd4 Re8 20. Kd2 Be6 21.
Bg2 Bd5 22. Bxd5 cxd5 23. h4 Rh8 24. h5 h6 25. Rag1 hxg5 26. Rxg5 Rh6 27. Rhg1
1-0

[Event "International Championship of Central Se"]
[Site "Paracin, hotel "]
[Date "2016.07.12"]
[Round "7.33"]
[White "Bosnjak, Petar"]
[Black "Stanojevic, Ilija"]
[Result "1-0"]
[WhiteElo "2311"]
[BlackElo "2119"]
[PlyCount "93"]
[EventDate "2016.07.07"]

1. e4 e5 2. Nf3 Nc6 3. Bb5 a6 4. Ba4 Nf6 5. O-O Be7 6. d3 d6 7. c3 O-O 8. Re1
h6 9. Nbd2 Re8 10. Nf1 b5 11. Bb3 Na5 12. Bc2 c5 13. Ng3 Bf8 14. d4 Qc7 15. d5
c4 16. h3 Bd7 17. Nh4 g6 18. Be3 Nb7 19. Qd2 Kh7 20. f4 exf4 21. Bxf4 Nc5 22.
Nf3 Rad8 23. Qf2 Qb7 24. Rad1 a5 25. Nd4 Ng8 26. e5 dxe5 27. Bxe5 Bc8 28. Nc6
Rd7 29. Nh5 f5 30. Ng3 Rf7 31. Bd4 Rxe1+ 32. Rxe1 Nd3 33. Bxd3 cxd3 34. Nd8
Qxd5 35. Nxf7 Qxf7 36. Qd2 Bb7 37. Qxd3 Qd5 38. Qd2 Bd6 39. Qf2 h5 40. Nf1 Nh6
41. Nh2 Nf7 42. Nf3 Qxa2 43. Qe2 Qd5 44. Qe8 g5 45. Nxg5+ Nxg5 46. Qh8+ Kg6 47.
Qg7# 1-0

[Event "International Championship of Central Se"]
[Site "Paracin, hotel "]
[Date "2016.07.12"]
[Round "7.34"]
[White "Radovic, Janko"]
[Black "Sukovic, Andrej"]
[Result "1-0"]
[WhiteElo "2299"]
[BlackElo "2084"]
[PlyCount "81"]
[EventDate "2016.07.07"]

1. e4 c5 2. c3 Nf6 3. e5 Nd5 4. d4 d6 5. dxc5 dxe5 6. Nf3 e6 7. Nxe5 Bxc5 8.
Bd3 O-O 9. O-O Nd7 10. Nf3 f5 11. Nbd2 N7b6 12. Nc4 a6 13. Qe2 Qf6 14. Nfe5
Nxc4 15. Bxc4 Nb6 16. Bb3 Re8 17. Bf4 h6 18. Rad1 Nd5 19. Bc1 b6 20. c4 Ne7 21.
Ba4 Rf8 22. Rd3 Ng6 23. Nxg6 Qxg6 24. Bf4 Qf7 25. Rfd1 Ra7 26. Rg3 Kh7 27. Bb8
Re7 28. Be5 Rg8 29. h4 Bd7 30. Bc2 g6 31. Bc3 a5 32. a3 a4 33. Be5 Be8 34. Rd8
Bc6 35. Rgd3 Rd7 36. R8xd7 Bxd7 37. Qd1 Bc6 38. Bxa4 Bxa4 39. Qxa4 Re8 40. Rd7
Re7 41. Qa8 1-0

[Event "International Championship of Central Se"]
[Site "Paracin, hotel "]
[Date "2016.07.12"]
[Round "7.35"]
[White "Apontecastillo, Ernesto"]
[Black "Cvetkovic, Nemanja"]
[Result "0-1"]
[WhiteElo "2100"]
[BlackElo "2227"]
[PlyCount "48"]
[EventDate "2016.07.07"]

1. e4 Nf6 2. e5 Nd5 3. c4 Nb6 4. d4 d6 5. exd6 exd6 6. Nc3 Be7 7. Be3 O-O 8. b3
Bg5 9. f4 Re8 10. Kf2 Bf6 11. Qd2 Nc6 12. Nf3 Bg4 13. d5 Bxf3 14. Kxf3 Ne7 15.
Bd3 Bxc3 16. Qxc3 Nexd5 17. Bxh7+ Kh8 18. cxd5 Nxd5 19. Qd4 Rxe3+ 20. Kf2 Qh4+
21. g3 Qxh7 22. Qxd5 Rae8 23. Rac1 Re2+ 24. Kf3 f5 0-1

[Event "International Championship of Central Se"]
[Site "Paracin, hotel "]
[Date "2016.07.12"]
[Round "7.36"]
[White "Dimitrijevic, Nenad"]
[Black "Samani, Yamac"]
[Result "1/2-1/2"]
[WhiteElo "2225"]
[BlackElo "2083"]
[PlyCount "60"]
[EventDate "2016.07.07"]

1. e4 e5 2. Nf3 Nc6 3. Bb5 a6 4. Ba4 Nf6 5. d3 d6 6. O-O g6 7. c3 Bg7 8. Re1
O-O 9. d4 Bd7 10. d5 Ne7 11. Bxd7 Nxd7 12. c4 h6 13. Nc3 f5 14. a3 a5 15. Rb1
fxe4 16. Nxe4 a4 17. Nc3 Nb6 18. Qd3 Nd7 19. Qc2 Nb6 20. c5 Nbxd5 21. Nxd5 Nxd5
22. Qxg6 Nf4 23. Bxf4 Rxf4 24. Qe6+ Kh8 25. cxd6 Qxd6 26. Qh3 Raf8 27. Red1 Qg6
28. Qg3 Rg4 29. Qh3 Rgf4 30. Qg3 Rg4 1/2-1/2

[Event "International Championship of Central Se"]
[Site "Paracin, hotel "]
[Date "2016.07.12"]
[Round "7.37"]
[White "Perovic, Zivojin"]
[Black "Sensay, Emin"]
[Result "1-0"]
[WhiteElo "2219"]
[BlackElo "1881"]
[PlyCount "61"]
[EventDate "2016.07.07"]

1. e4 e5 2. Nf3 Nc6 3. d3 Nf6 4. Be2 d5 5. Nbd2 Bc5 6. O-O O-O 7. c3 a5 8. b3
Re8 9. a3 dxe4 10. dxe4 Qe7 11. Qc2 Bg4 12. Bb2 Rad8 13. b4 Bd6 14. Nc4 Nh5 15.
h3 Bxf3 16. Bxf3 Nf4 17. b5 Na7 18. Nxa5 Nxb5 19. a4 Na7 20. Nxb7 Rb8 21. Nxd6
Qxd6 22. Bc1 Ne6 23. Be3 Nc6 24. Rfd1 Qe7 25. Rd5 Ra8 26. a5 Rf8 27. Qa4 Ned8
28. a6 h6 29. Rad1 Qe6 30. Bg4 Qe8 31. Bd7 1-0

[Event "International Championship of Central Se"]
[Site "Paracin, hotel "]
[Date "2016.07.12"]
[Round "7.38"]
[White "Tisma, Ivan"]
[Black "Krasteva, Beloslava"]
[Result "1/2-1/2"]
[WhiteElo "2212"]
[BlackElo "1933"]
[PlyCount "255"]
[EventDate "2016.07.07"]

1. Nf3 d5 2. d4 Nf6 3. c4 e6 4. g3 Be7 5. Bg2 O-O 6. O-O Nbd7 7. Qc2 c5 8. cxd5
exd5 9. dxc5 Nxc5 10. Nc3 Be6 11. Be3 Rc8 12. Rfd1 Nce4 13. Qa4 Nxc3 14. bxc3
a6 15. Rab1 Bd7 16. Qb3 b5 17. Ne5 Be6 18. Bd4 Qc7 19. a4 Rb8 20. axb5 Rxb5 21.
Qa2 Rfb8 22. Rxb5 axb5 23. Nd3 Ne4 24. Qb2 Bf6 25. Bxe4 dxe4 26. Nb4 Rd8 27.
Nc2 Bc4 28. Ne3 Bg5 29. Ng2 Ra8 30. Ra1 Qb7 31. h4 Be7 32. Rxa8+ Qxa8 33. Ne3
Qa4 34. Qd2 Be6 35. Kh2 h6 36. Ng2 Qa8 37. Qf4 Bc4 38. Qg4 Bf8 39. Nf4 Qc6 40.
h5 Be6 41. Nxe6 Qxe6 42. Qxe6 fxe6 43. Be5 Kf7 44. Kh3 Bc5 45. e3 Be7 46. Kg4
Bg5 47. Bd4 Kf8 48. f4 Bf6 49. Bxf6 gxf6 50. f5 e5 51. Kh3 Ke7 52. Kg2 Kd6 53.
Kf2 Kc5 54. Ke2 b4 55. g4 bxc3 56. Kd1 Kd6 57. Kc2 Kc6 58. Kxc3 Kc5 59. Kb3 Kd5
60. Kb4 Kd6 61. Kb5 Kd5 62. Ka4 Kc6 63. Kb3 Kd7 64. Kc3 Kc7 65. Kb4 Kd6 66. Kb5
Kd5 67. Kb6 Kd6 68. Kb7 Kd7 69. Ka6 Kc6 70. Ka5 Kc5 71. Ka4 Kc6 72. Kb3 Kd7 73.
Kc3 Kc7 74. Kc4 Kc6 75. Kb3 Kd7 76. Kb4 Kd6 77. Kb5 Kd5 78. Ka6 Kc6 79. Ka7 Kc7
80. Ka8 Kc8 81. Ka7 Kc7 82. Ka6 Kc6 83. Ka5 Kc5 84. Ka4 Kc6 85. Ka3 Kc5 86. Kb3
Kd5 87. Ka4 Kc6 88. Kb4 Kd6 89. Kb5 Kd5 90. Kb6 Kd6 91. Ka5 Kc5 92. Ka4 Kc6 93.
Ka3 Kc7 94. Kb3 Kd7 95. Kb4 Kd6 96. Kb5 Kd5 97. Kb6 Kd6 98. Ka5 Kc5 99. Ka4 Kc6
100. Ka3 Kc7 101. Kb2 Kd8 102. Kc3 Kc7 103. Kb3 Kd7 104. Kc3 Kc7 105. Kb4 Kd6
106. Ka5 Kc5 107. Ka4 Kc6 108. Kb3 Kd7 109. Kc3 Kc7 110. Kb4 Kd6 111. Kb5 Kd7
112. Kb6 Kd6 113. Kb7 Kd7 114. Ka6 Kc6 115. Ka5 Kc5 116. Ka4 Kc6 117. Ka3 Kc7
118. Kb3 Kd7 119. Kc3 Kc7 120. Kb3 Kd7 121. Ka4 Kc6 122. Kb4 Kd6 123. Kb5 Kd5
124. Kb6 Kd6 125. Kb5 Kd5 126. Kb6 Kd6 127. Kb5 Kd5 128. Ka4 1/2-1/2

[Event "International Championship of Central Se"]
[Site "Paracin, hotel "]
[Date "2016.07.12"]
[Round "7.39"]
[White "Jovanovic, Sasa T"]
[Black "Ozates, Tuna"]
[Result "1/2-1/2"]
[WhiteElo "2194"]
[BlackElo "2074"]
[PlyCount "77"]
[EventDate "2016.07.07"]

1. c4 e5 2. Nc3 Nf6 3. g3 Bb4 4. Bg2 O-O 5. Nf3 Bxc3 6. bxc3 Re8 7. O-O d6 8.
d3 e4 9. Nd4 Nbd7 10. f3 exd3 11. exd3 Nc5 12. h3 c6 13. f4 Qa5 14. Qc2 d5 15.
cxd5 Nxd5 16. Bd2 Qd8 17. Rae1 Bd7 18. Kh2 Qc7 19. c4 Nf6 20. Nb3 Nxb3 21. Qxb3
Rxe1 22. Rxe1 Re8 23. Rxe8+ Nxe8 24. Qa3 a6 25. Qe7 Qd6 26. Qe3 h6 27. d4 Nf6
28. a3 Be6 29. Bb4 Qd7 30. Bf1 b5 31. cxb5 Nd5 32. Qe5 cxb5 33. Bc5 Nf6 34.
Qb8+ Kh7 35. g4 Qd5 36. Qe5 Qf3 37. Bg2 Qf2 38. Kh1 Bd5 39. Bxd5 1/2-1/2

[Event "International Championship of Central Se"]
[Site "Paracin, hotel "]
[Date "2016.07.12"]
[Round "7.40"]
[White "Mitev, Valentin"]
[Black "Banovic, Ivan"]
[Result "1-0"]
[WhiteElo "2073"]
[BlackElo "2194"]
[PlyCount "70"]
[EventDate "2016.07.07"]

1. d4 Nf6 2. Bg5 Ne4 3. Bf4 c5 4. f3 Qa5+ 5. c3 Nf6 6. Nd2 cxd4 7. Nb3 Qd8 8.
cxd4 d5 9. e3 e6 10. Bd3 Bb4+ 11. Nd2 O-O 12. a3 Bd6 13. Ne2 b6 14. b4 Bb7 15.
g4 Qe7 16. Bxd6 Qxd6 17. g5 Nfd7 18. f4 Kh8 19. Ng3 Rc8 20. Qh5 g6 21. Qe2 Nc6
22. h4 Kg7 23. h5 Nxd4 24. Qh2 Kf8 25. hxg6 hxg6 26. Qh8+ Ke7 27. Qxd4 e5 28.
fxe5 Nxe5 29. Ne2 Nxd3+ 30. Qxd3 Qe5 31. Qd4 Qxg5 32. Rf1 Ba6 33. Nf3 Qh6 34.
Qe5+ Kf8 35. Kf2 Rc2 1-0

[Event "International Championship of Central Se"]
[Site "Paracin, hotel "]
[Date "2016.07.12"]
[Round "7.41"]
[White "Raykov, Stefan"]
[Black "Chekletsov, Egor"]
[Result "1/2-1/2"]
[WhiteElo "2155"]
[BlackElo "2009"]
[PlyCount "81"]
[EventDate "2016.07.07"]

1. e4 e5 2. Nf3 Nf6 3. Nc3 Nc6 4. Bb5 Nd4 5. Bc4 Nxf3+ 6. Qxf3 Be7 7. d3 d6 8.
h3 O-O 9. Be3 c6 10. g4 Be6 11. Bb3 Bxb3 12. axb3 d5 13. Ne2 Bb4+ 14. Kf1 d4
15. Bc1 Ne8 16. Kg2 Be7 17. Qg3 f6 18. h4 Bd6 19. Bd2 Nc7 20. Qf3 Ne6 21. Ng3
g6 22. Ne2 Rf7 23. Qg3 Qf8 24. Raf1 Rd8 25. f4 exf4 26. Nxf4 Qe7 27. Qf3 Nxf4+
28. Bxf4 Be5 29. Rf2 Kg7 30. Rhf1 Rdf8 31. Qg3 c5 32. g5 Bxf4 33. Rxf4 f5 34.
h5 fxe4 35. h6+ Kg8 36. Rxf7 Rxf7 37. Rxf7 Kxf7 38. Qf4+ Ke8 39. dxe4 Kd7 40.
Kf3 Qe6 41. Ke2 1/2-1/2

[Event "International Championship of Central Se"]
[Site "Paracin, hotel "]
[Date "2016.07.12"]
[Round "7.42"]
[White "Sahin, Ozgun"]
[Black "Pregarac, Valter"]
[Result "1-0"]
[WhiteElo "2042"]
[BlackElo "2135"]
[PlyCount "73"]
[EventDate "2016.07.07"]

1. e4 e5 2. Nf3 Nc6 3. d4 exd4 4. c3 Nge7 5. cxd4 d5 6. exd5 Nxd5 7. Nc3 Bb4 8.
Bd2 O-O 9. Be2 Be6 10. O-O h6 11. h3 Qf6 12. Ne4 Qe7 13. Bd3 Bxd2 14. Qxd2 Qb4
15. Nc3 Rad8 16. a3 Qd6 17. Rad1 Nxc3 18. Qxc3 Bd5 19. Ne5 Qf6 20. Ng4 Qf4 21.
Ne3 Kh8 22. Bf5 Ne7 23. Qc5 Qg5 24. Qxc7 Bf3 25. Rc1 Nxf5 26. Rc5 Rd5 27. Rxd5
Bxd5 28. Nxd5 Nh4 29. Nf4 Nf3+ 30. Kh1 Qb5 31. Rd1 Qa4 32. Rd3 Ne1 33. Rg3 Qd1
34. Kh2 Kg8 35. Ne6 Re8 36. Rxg7+ Kh8 37. Rh7+ 1-0

[Event "International Championship of Central Se"]
[Site "Paracin, hotel "]
[Date "2016.07.12"]
[Round "7.43"]
[White "Radovic, Luka"]
[Black "Erece, Ece Alkim"]
[Result "1-0"]
[WhiteElo "2276"]
[BlackElo "1775"]
[PlyCount "79"]
[EventDate "2016.07.07"]

1. Nf3 g6 2. g3 Bg7 3. Bg2 e5 4. d3 Nc6 5. c4 Nge7 6. Nc3 d6 7. O-O h5 8. Rb1
a5 9. a3 Be6 10. b4 axb4 11. axb4 Qd7 12. Re1 f5 13. b5 Nd8 14. e3 O-O 15. Nd2
g5 16. Nd5 Nc8 17. b6 c6 18. Nc7 Rb8 19. Nxe6 Nxe6 20. Ba3 Ra8 21. Qb3 Nc5 22.
Qc3 Na4 23. Qc2 Naxb6 24. Bxd6 Qxd6 25. c5 Qd7 26. cxb6 Rd8 27. Nb3 Nd6 28. Nc5
Qf7 29. Ra1 Rxa1 30. Rxa1 Nb5 31. Qc4 Qxc4 32. dxc4 Nd6 33. Rd1 Nf7 34. Rb1 Nd6
35. Ne6 Rd7 36. Rd1 Bf6 37. c5 Kf7 38. Bxc6 bxc6 39. Rxd6 Ke7 40. Rxd7+ 1-0